Statistics for Tatarstan Quiz

Click here to take the quiz!

General Stats

  • This quiz has been taken 31 times
  • The average score is 10 of 15

Answer Stats

HintAnswer% Correct
Largest ReligionIslam
100%
Largest Ethnic GroupsRussian
100%
Official LanguagesRussian
100%
Largest Ethnic GroupsTatar
100%
Official LanguagesTatar
100%
Capital CityKazan
92%
Time ZoneUTC {+3}
83%
Russian Republics Tatarstan BordersBashkortostan
63%
Russian Republics Tatarstan BordersMari El
58%
Largest Ethnic GroupsChuvash
54%
Federal District it's located itVolga
54%
Economic Region it's located itVolga
54%
Russian Republics Tatarstan BordersChuvashia
50%
Tatarstan's ISO 3166 codeRU-TA
25%
Russian Republics Tatarstan BordersUrdmurtia
4%

Score Distribution

Percentile by Number Answered

Percent of People with Each Score

Your Score History

You have not taken this quiz